000 00808nam a2200253Ia 4500
003 OSt
005 20220925190250.0
006 a|||||r|||| 00| 0
007 ta
008 220923b |||||||| |||| 00| 0 eng d
020 _a0520049756
037 _cGeneral Book
040 _aRTL
_cRTL
_beng
041 _2eng
_aeng
082 _aX:75.41.N80<--N49, M4
100 _aSolinger Dorothy
_9237861
245 0 _aChinese business under socialism
_b The politics of
260 _aBerkeley
_bUniversity of California press
_c1984
300 _axiv,368p. Bib p 337-49, Appendix p305-30
_ccm.
490 _a(Center for Chinese Studies University of California)
650 _aEconomics
942 _hX:75.41.N80<--N49, M4
_cGB
_2CC
999 _c513920
_d513920